El nuevo régimen previsional y de cotizaciones: antecedentes históricos y exposición sistemática

Guardat en:
Dades bibliogràfiques
Autors principals: Thayer Arteaga, William (Autor), Fernández Florez, Eduardo (Autor)
Format: Llibre
Idioma:espanyol
Publicat: Santiago Jurídica de Chile 1981
Edició:2a. ed
Matèries:
Etiquetes: Afegir etiqueta
Sense etiquetes, Sigues el primer a etiquetar aquest registre!

MARC

LEADER 00000nam a2200000 a 4500
001 UCS2290
003 CL-VaPUC
008 970523e19810700CL |||||||||||||||||spa|d
082 0 4 |a 344.02  |b THA  |2 21 
100 0 |a Thayer Arteaga, William  |e author  |9 387571 
700 0 |a Fernández Florez, Eduardo  |e author  |9 387572 
245 1 3 |a El nuevo régimen previsional y de cotizaciones: antecedentes históricos y exposición sistemática 
250 |a 2a. ed 
300 |a 301 p 
942 |c BK 
945 |d 19970523 00:00:00  |a cmena 
260 |a Santiago  |b Jurídica de Chile  |c 1981 
650 7 |a DERECHO LABORAL  |2 CL-VaPUC  |9 15 
650 0 |a Seguridad social  |9 255322 
650 0 |a Jurisprudencia  |9 255952 
650 0 |a Administradoras de Fondos de Pensiones (AFP)  |9 255319 
650 0 |a Afiliación  |9 387573 
650 7 |a IMPOSICIONES  |2 CL-VaPUC  |9 387574 
650 7 |a PENSIONES  |2 CL-VaPUC  |9 323807 
651 7 |a CHILE  |2 CL-VaPUC  |9 387575 
583 |a last modification  |c 20170712 03:28:11  |k Rodrigo Vera 
999 |c 260263  |d 260261 
952 |0 0  |1 0  |4 0  |6 344_020000000000000_THA_1981  |7 0  |8 A  |9 286212  |a BIBDER  |b BIBDER  |d 2019-11-19  |i 1860100  |o 344.02 THA 1981  |p 1860100  |r 2023-01-25  |w 2019-11-19  |y BK  |k DER